|
|
|
|
| LEADER |
01027nam a2200229 i 4500 |
| 001 |
10060482 |
| 003 |
GR-PaULI |
| 005 |
20240724085605.0 |
| 008 |
070329s2001 enka g 0 1 eng d |
| 020 |
|
|
|a 0714530808
|
| 040 |
|
|
|a GR-PaULI
|b gre
|c GR-PaULI
|e AACR2
|
| 082 |
0 |
4 |
|a 808.800 405
|2 23
|
| 245 |
0 |
0 |
|a Rearranging the world /
|b
|c edited by Josephine Balmer ; with an introduction by Michele Roberts.
|
| 260 |
|
|
|a Norwich :
|b British Centre for Literary Translation,
|c 2001.
|
| 300 |
|
|
|a xxiii, 207 σ. :
|b εικ. ;
|c 22 εκ.
|
| 500 |
|
|
|a
|
| 650 |
|
4 |
|9 205105
|a Λογοτεχνία, Μοντέρνα
|x Μεταφράσεις στα Αγγλικά.
|
| 700 |
1 |
|
|a Balmer, Josephine
|e επιμελήτρια.
|9 205103
|
| 700 |
1 |
|
|a Roberts, Michele
|e συγγραφέας εισαγωγής.
|9 205104
|
| 942 |
|
|
|2 ddc
|c BK
|
| 952 |
|
|
|0 0
|1 0
|2 ddc
|4 0
|6 808_800000000000000_405_REA
|7 0
|9 382334
|a LISP
|b LISP
|c DON
|d 2024-07-24
|e ΜΑΡ
|i 367399
|l 0
|o 808.800 405 REA
|p 025000312097
|r 2024-07-24 00:00:00
|t 1
|w 2024-07-24
|y BKN
|
| 999 |
|
|
|c 222126
|d 222126
|